00413nam a2200169 a 450000100060000000300090000600800410001504000280005608200180008410000240010224500120012625000060013826000410014430000100018549000260019565000220022111281CO-ViMGA141112s2004 ck r 000 u spa d aCO-ViMGAbspacCO-ViMGA04aCo861.6 G14aL1 aGaitan Duran, Jorge10aAmantes a1 aMedellin, ceditorial lealon, c1984 a53 p. acolección literaria14aPOESIA COLOMBIANA